000 00543nam a2200181Ia 4500
005 20250508150752.0
008 008 250505s9999 xx 000 0 eng d
037 _aTextual
040 _aFEDL
_beng
_cFEDL
041 _aeng
_2eng
084 _a371.33, EBR
_qFEDL
100 _aEbright Donald F Ed.
_9757586
245 0 _aAudio -visual handbook for India : A symposium
260 _aMysore, India
_bThe Weslsy Press and Publishing House
_c1950
300 _a215p
942 _cTEXL
_h371.33, EBR
999 _c1325556
_d1325556